000 00776nam a2200253Ia 4500
003 OSt
005 20220928113623.0
006 a|||||r|||| 00| 0
007 ta
008 220927b |||||||| |||| 00| 0 eng d
020 _cUSD 150.00
024 _a142704
037 _b96, 06/03/2020, Rupa Prkashan
_cTextual
040 _aSDCL
_cSDCL
_beng
041 _2eng
_aeng
082 _aD6,8(B2895),6, Q9
100 _aSaunders Ophelia
_9434102
245 0 _aMultimedia processing and communications
_b Audio and video
260 _aNew York
_b NY Research Press
_c2019
300 _avii,231p.
_ccm.
650 _aHindi
_9391598
942 _hD6,8(B2895),6, Q9
_cTEXL
_2CC
999 _c750485
_d750485